10 joueurs les plus utilisés par Ranieri - saison 2015/16 (Leicester) - Statistiques

Statistiques générales
  • Ce quiz a été pris 44 fois
  • Le résultat moyen est 7 sur 10
Statistiques - réponses
Classement Nom du joueur Nombre d'apparition % Correct
7 Jamie Vardy 38
100%
3 N'Golo Kanté 40
95%
4 Riyad Mahrez 39
95%
2 Kasper Schmeichel 40
88%
8 Danny Drinkwater 37
71%
6 Wes Morgan 38
56%
1 Marc Albrighton 42
49%
10 Christian Fuchs 34
44%
5 Shinji Okazaki 39
44%
9 Robert Huth 35
32%
Aucun quiz correspondant
Distribution des résultats
% des personnes avec chaque résultat
Percentile par nombre de réponses
Votre historique - résultats
Vous n’avez pas pris ce quiz